000 01060cam a22002055a 4500
001 L149854
008 100505e2010 xxk 000 0 eng d
035 _a(Sirsi) u149854
041 0 _aeng
100 1 _aUnger, Paul
245 0 0 _aMarkets
_bMerseyside
260 _c2010
490 0 _aProperty Week
_v76(16) 23 April 2010, 43-52(5)
520 _aRejuvenation of Liverpool's Pall Mall commercial district has been hit by the breakdown of the proposed joint public-private scheme. Recession has helped historical building conservation in the Ropewalks area of Liverpool. Halton Council is assembling land for a second river Mersey crossing. Peel Ports wants a site of special scientific interest reclassified to enable it to expand its 5m sq ft port warehouse estate at Seaton. The Liverpool hotel market should halt expansion after growing from 16 centrally located hotels in 1998 to 37 in 2009.
590 _aKA
651 4 _aMerseyside
690 _aPROPERTY-COMMERCIAL PROPERTY-COMMERCIAL PROPERTY MARKET
700 1 _aMoore, Ashley
942 _n0
999 _c82302
_d82302